000
00204 a2200097 4500
001
20439
100
_a
Likert R
245
_a
The Human Organization
260
_a
_b
McGraw-Hill
_c
090
_c
14874
_d
14874
942
_a
NUST-CAE
_c
M
_c
5418
999
_c
255512
_d
255512